Fiber-optic communication systems /

Bibliografiska uppgifter
Huvudupphovsman: Agrawal, G. P. (Govind P.), 1951-
Materialtyp: Bok
Språk:English
Publicerad: New York : India : Wiley-Interscience; Wiley-India, c2002 [reprinted 2008].
Upplaga:Third edition.
Serie:Wiley series in microwave and optical engineering
Ämnen:
Classic Catalogue: View this record in Classic Catalogue
LEADER 03697nam a2200409 a 4500
001 0018029
003 BD-DhAAL
008 090510r20082002ii ab b 001 0 eng d
020 |a 0471215716 
020 |a 9788126513864 
040 |a BD-DhAAL  |c BD-DhAAL 
082 0 0 |a 621.38275  |2 21 
100 1 |a Agrawal, G. P.  |q (Govind P.),  |d 1951-  |9 720 
245 1 0 |a Fiber-optic communication systems /  |c Govind P. Agrawal. 
250 |a Third edition. 
260 |a New York :  |b Wiley-Interscience;  |a India :  |b Wiley-India,  |c c2002 [reprinted 2008]. 
300 |a xvii, 546 p. :  |b ill., map ;  |c 25 cm  |e  + 1 CD-ROM (4 3/4 in.) 
490 0 |a Wiley series in microwave and optical engineering. 
500 |a "A Wiley-Interscience publication." 
504 |a Includes bibliographical references and index. 
526 |a EEE  |x Md Sayeed Salam Department of Electrical and Electronic Engineering BRAC University Course Name : Optical Communication System (EEE 514) 
541 1 |e 0018029, 0018327  |a Paragon Enterprises LTD. 
650 0 |a Optical communications. 
830 |a Wiley series in microwave and optical engineering  |9 58577 
852 4 |a Ayesha Abed Library  |c General Stacks 
942 |2 ddc  |c BK 
999 |c 9520  |d 9520 
952 |0 0  |1 0  |2 ddc  |4 0  |6 621_382750000000000_AGR_2008  |7 0  |9 11981  |a BRACUL  |b BRACUL  |c AV  |d 2010-09-22  |l 1  |o 621.38275 AGR  |p 3010018029  |r 2012-12-12  |s 2012-11-19  |t 1  |w 2010-09-22  |y BK 
952 |0 0  |1 0  |2 ddc  |4 0  |6 621_382750000000000_AGR_2008  |7 0  |9 11982  |a BRACUL  |b BRACUL  |c AV  |d 2010-09-22  |l 0  |o 621.38275 AGR  |p 4010018029  |r 2010-09-22  |t 1  |w 2010-09-22  |y AV 
952 |0 0  |1 0  |2 ddc  |4 0  |6 621_382750000000000_AGR_2008  |7 0  |9 11983  |a BRACUL  |b BRACUL  |c GEN  |d 2010-09-22  |e Paragon Enterprises LTD  |g 599.00  |l 1  |m 10  |o 621.38275 AGR  |p 3010018330  |r 2019-04-17  |s 2019-01-22  |t 5  |w 2010-09-22  |y BK  |x Requisitioned by Md Sayeed Salam (Department of Electrical and Electronic Engineering, BRAC University) for the course named- "Optical Communication System (EEE 514)". 
952 |0 0  |1 0  |2 ddc  |4 0  |6 621_382750000000000_AGR_2008  |7 0  |9 11984  |a BRACUL  |b BRACUL  |c AV  |d 2010-09-22  |l 0  |o 621.38275 AGR  |p 4010018330  |r 2010-09-22  |t 5  |w 2010-09-22  |y AV 
952 |0 0  |1 0  |2 ddc  |4 0  |6 621_382750000000000_AGR_2008  |7 0  |9 11985  |a BRACUL  |b BRACUL  |c GEN  |d 2010-09-22  |e Paragon Enterprises LTD  |g 599.00  |l 1  |m 17  |o 621.38275 AGR  |p 3010018327  |r 2019-05-05  |s 2019-01-22  |t 2  |w 2010-09-22  |y BK  |x Requisitioned by Md Sayeed Salam (Department of Electrical and Electronic Engineering, BRAC University) for the course named- "Optical Communication System (EEE 514)". 
952 |0 0  |1 0  |2 ddc  |4 0  |6 621_382750000000000_AGR_2008  |7 0  |9 11986  |a BRACUL  |b BRACUL  |c AV  |d 2010-09-22  |l 0  |o 621.38275 AGR  |p 4010018327  |r 2010-09-22  |t 2  |w 2010-09-22  |y AV 
952 |0 0  |1 0  |2 ddc  |4 0  |6 621_382750000000000_AGR_2008  |7 0  |9 11988  |a BRACUL  |b BRACUL  |c GEN  |d 2010-09-22  |e Paragon Enterprises LTD  |g 599.00  |l 2  |m 14  |o 621.38275 AGR  |p 3010018329  |r 2019-04-15  |s 2019-01-22  |t 4  |w 2010-09-22  |y BK  |x Requisitioned by Md Sayeed Salam (Department of Electrical and Electronic Engineering, BRAC University) for the course named- "Optical Communication System (EEE 514)". 
952 |0 0  |1 0  |2 ddc  |4 0  |6 621_382750000000000_AGR_2008  |7 0  |9 11990  |a BRACUL  |b BRACUL  |c AV  |d 2010-09-22  |l 0  |o 621.38275 AGR  |p 4010018329  |r 2010-09-22  |t 4  |w 2010-09-22  |y AV 
952 |0 0  |1 0  |2 ddc  |4 0  |6 621_382750000000000_AGR_2008  |7 0  |9 11991  |a BRACUL  |b BRACUL  |c GEN  |d 2010-09-22  |e Paragon Enterprises LTD  |g 599.00  |l 3  |m 13  |o 621.38275 AGR  |p 3010018328  |r 2019-07-04  |s 2019-01-22  |t 3  |w 2010-09-22  |y BK  |x Requisitioned by Md Sayeed Salam (Department of Electrical and Electronic Engineering, BRAC University) for the course named- "Optical Communication System (EEE 514)". 
952 |0 0  |1 0  |2 ddc  |4 0  |6 621_382750000000000_AGR_2008  |7 0  |9 12065  |a BRACUL  |b BRACUL  |c AV  |d 2010-09-23  |l 0  |o 621.38275 AGR  |p 4010018328  |r 2010-09-23  |t 3  |w 2010-09-23  |y AV